Logos de marques par lettre - W - Statistiques

Statistiques générales
  • Ce quiz a été pris 29 205 fois
  • Le résultat moyen est 11 sur 16
Statistiques - réponses
Par images Hint Réponse % Correct
Encyclopédie Wikipédia
99%
Messagerie WhatsApp
98%
Traitement de texte Word
98%
Cinéma Walt Disney Pictures
94%
Technologie Windows
92%
Cinéma Warner Bros
88%
Paris sportifs Winamax
76%
Association WWF
72%
Alimentation animale Whiskas
64%
E-commerce Wish
57%
Hygiène Wilkinson
50%
Électroménager Whirlpool
48%
Sport Wilson
44%
Programme alimentaire Weight Watchers
42%
Cosmétique Weleda
28%
Boisson Wattwiller
19%
Aucun quiz correspondant
Distribution des résultats
% des personnes avec chaque résultat
Percentile par nombre de réponses
Votre historique - résultats
Vous n’avez pas pris ce quiz